000 00673nam a2200241 i 4500
001 C2-0327545
003 PPAK
005 20180728125143.0
008 140702s2013 my |||| ||||| | may d
020 _a9789674303372
040 _aPPAK
_beng
_cPPAK
_erda
082 0 4 _a899.231
_223
090 0 0 _a899.231
_bJUS
_dG
100 0 _aJusoh Ahmad,
_eauthor
245 1 0 _aSedulang tahfifah :
_bkumpulan puisi
264 1 _aKuala Lumpur :
_bInstitut Terjemahan & Buku Malaysia ,
_c2013
300 _axiv, 107 pages ;
_c18 cm
336 _2rdacontent
_atext
337 _2rdamedia
_aunmediated
338 _2rdacarrier
_avolume
650 1 0 _aMalay poetry.
942 _ddc
_cB
999 _c127085
_d127085